Právne a účtovné aspekty zlúčenia, splynutia a rozdelenia ako typov kombinácií podnikov v Slovenskej republike

Problematika zlúčenia, splynutia a rozdelenia ako typov kombinácií podnikov v Slovenskej republike z právneho a účtovného hľadiska. Slovenské účtovné predpisy. Postupy účtovania v zanikajúcej účtovnej jednotke a postupy účtovania v nástupníckej účtovnej jednotke.

Salvato in:
Dettagli Bibliografici
Autore principale: Podmanická, Martina, 1977-
Natura: Capitolo di libro
Lingua:slovacco
Soggetti:
Tags: Aggiungi Tag
Nessun Tag, puoi essere il primo ad aggiungerne!!

MARC

LEADER 00000naa a2200000 4500
001 0284608
005 20240502074414.0
041 0 |a slo 
044 |a SK 
245 1 0 |a Právne a účtovné aspekty zlúčenia, splynutia a rozdelenia ako typov kombinácií podnikov v Slovenskej republike  |c Martina Podmanická 
520 |a Problematika zlúčenia, splynutia a rozdelenia ako typov kombinácií podnikov v Slovenskej republike z právneho a účtovného hľadiska. Slovenské účtovné predpisy. Postupy účtovania v zanikajúcej účtovnej jednotke a postupy účtovania v nástupníckej účtovnej jednotke. 
610 2 0 |a jednotka účtovná 
610 2 0 |a legislatíva 
610 2 0 |a súvaha 
610 2 0 |a účtovanie 
610 2 0 |a podnik 
610 2 0 |a Slovensko 
100 1 |a Podmanická, Martina, 1977-